Power metallurgy: (Record no. 10626)

MARC details
000 -LEADER
fixed length control field 00761 a2200217 4500
010 ## - LIBRARY OF CONGRESS CONTROL NUMBER
LC control number ENG-89438
020 ## - INTERNATIONAL STANDARD BOOK NUMBER
International Standard Book Number 812032812
Terms of availability 295.00
035 ## - SYSTEM CONTROL NUMBER
System control number EN-72971
037 ## - SOURCE OF ACQUISITION
Source of stock number/acquisition DBAD / PUB
082 14 - DEWEY DECIMAL CLASSIFICATION NUMBER
Classification number 671.37
090 ## - LOCALLY ASSIGNED LC-TYPE CALL NUMBER (OCLC); LOCAL CALL NUMBER (OCLC)
-- 10928
-- 10928
100 1# - MAIN ENTRY--PERSONAL NAME
Personal name Angelo, P.C.
245 1# - TITLE STATEMENT
Title Power metallurgy:
Statement of responsibility, etc by P.C. Angelo and R. Subramanian
Remainder of title science, technology and applications/
260 ## - PUBLICATION, DISTRIBUTION, ETC. (IMPRINT)
Place of publication, distribution, etc New Delhi
Name of publisher, distributor, etc Prentice-Hall of India
Date of publication, distribution, etc 2008
270 ## - ADDRESS
Address M-97, Connaught Circus
City New Delhi
State or province Delhi
Postal code 110001
300 ## - PHYSICAL DESCRIPTION
Extent xii, 300p.
Dimensions 23 cm (pbk)
500 ## - GENERAL NOTE
General note Includes bibliographical references & index.
700 1# - ADDED ENTRY--PERSONAL NAME
Dates associated with a name Subramanian, R.
942 ## - ADDED ENTRY ELEMENTS (KOHA)
Institution code [OBSOLETE] dpl
Koha item type English Books
Call number prefix 671.37/ ANG
Holdings
Withdrawn status Lost status Source of classification or shelving scheme Damaged status Not for loan Collection code Home library Current library Source of acquisition Cost, normal purchase price Total Checkouts Full call number Barcode Date last seen Copy number Uniform Resource Identifier Cost, replacement price Price effective from Koha item type
    Dewey Decimal Classification   Not For Loan Non-fiction D.B.Act.Division D.B.Act.Division DBAD/PUB 295.00   671.37 EN-72971 15/09/2008 1 11703 295.00 15/09/2008 English Books

© Delhi Public Library
Hit Counter
free hit counter